Guess 10 school items. - Statistics

General Stats
  • This quiz has been taken 77 times
  • The average score is 8 of 10
Answer Stats
Hint First Letter Answer % Correct
We use to write with it p Pen
98%
We used to erase the incorrect writing e Eraser
95%
We use to write with it in first grade p Pencil
95%
We cut paper with them. s Scissors
84%
We make glued paper work g Glue
77%
We use for cm, km, r Ruler
77%
We sharp our pencils, pens with them. s sharpener
77%
We go to school with items b Backpack
71%
We draw with these m Markers
61%
We writing in it n Notebooks
32%
No matching quizzes found
Score Distribution
Percent of People with Each Score
Percentile by Number Answered
Your Score History
You have not taken this quiz